| 000 | 01302nam a22002657a 4500 | ||
|---|---|---|---|
| 005 | 20240530110509.0 | ||
| 008 | 151026s2007 ua a g 000 0 ara d | ||
| 017 |
_a2007/2991 _bمصر . دار الكتب المصرية |
||
| 040 | _aEG-CaGPL | ||
| 082 | 0 | 4 |
_221 _a953.07392\ _bع ع |
| 100 | 0 | _aعلى محمد محمد الصلابى . | |
| 245 | 1 | 0 |
_aعصر الدولة الزنكية و نجاح المشروع الاسلامى بقيادة نور الدين محمود : _bالشهيد فى مقاومة التغلغل الباطنى و الغزو الصليبى / _cعلى محمد محمد الصلابى . |
| 250 | _aط1. | ||
| 260 |
_aالقاهرة : _bمكتبة جزيرة الورد ، _c2006 . |
||
| 300 |
_a574 ص ؛ _c24 سم . |
||
| 600 | 0 |
_aعماد الدين زنكى _vتراجم . |
|
| 600 | 0 |
_aنور الدين الزنكى _vتراجم . |
|
| 600 | 0 | _aعبدالقادر الجيلانى . | |
| 650 | 0 | 4 | _aفتح الرها . |
| 651 | 0 | 4 | _aالدولة الزنكية . |
| 651 | 0 | 4 |
_aالدولة الزنكية _xالاحوال السياسية _yعماد الدين الزنكى . |
| 651 | 0 | 4 |
_aالدولة الزنكية _xالاحوال السياسية _yنور الدين الزنكى . |
| 942 |
_2ddc _cBK |
||
| 999 |
_c61639 _d61639 |
||